| 000 | 00527nam a22001697a 4500 | ||
|---|---|---|---|
| 005 | 20231101123730.0 | ||
| 008 | 231101b |||||||| |||| 00| 0 eng d | ||
| 020 | _a070214813 | ||
| 041 | _aEnglish | ||
| 082 | _a346.7 KRI | ||
| 100 |
_aKritzinger, KM _lEnglish |
||
| 245 |
_aPrinciples of the Law of Mortgage, Pledge Lien / _cKM Kritzinger |
||
| 260 |
_aCape Town : _bJuta and Company Ltd, _c1999 |
||
| 300 |
_bxviii, 78 pages ; _c25, 5 cm. |
||
| 650 |
_aLegal practice _bLaw |
||
| 942 |
_cBK _6ALISON_BN_VRIES |
||
| 999 |
_c218 _d218 |
||